banner-ar

عكاظ : (Record no. 59812)

MARC details
000 -الفاتح
حقل البيانات ثابتة الطول 00758nam a22002177a 4500
005 - وقت وتاريخ اخر تعامل مع التسجيلة
رقم الضبط 20240530110337.0
008 - عناصر البيانات ثابتة الطول - معلومات عامة
حقل البيانات ثابتة الطول 141021s au gr 000 pdara d
017 ## - رقم الايداع القانونى
رقم الايداع القانونى 4327/1428
020 ## - الرقم الدولى المعيارى للكتب
الرقم الدولى المعيارى للكتاب 9960620565
040 ## - مصدر الفهرسة
وكالة الفهرسة الأصلية EG-CaGPL
082 04 - رقم تصنيف ديوى العشرى
رقم الطبعة 21
رقم التصنيف 810.974\
رقم المادة ع ع
100 0# - المدخل الرئيسى - إسم شخصى
الإسم الشخصى عالى سرحان القرشى
245 1# - بيان العنوان
العنوان عكاظ :
بقية العنوان وحى الابداع وتجليات الوعى /
بيان المسئوليه,etc عالى سرحان القرشى
260 ## - PUBLICATION, DISTRIBUTION, ETC. (IMPRINT)
تاريخ النشر أو التوزيع 2007
300 ## - الوصف المادى
التعداد 97 ص ؛
أبعاد الوعاء 20 سم
650 04 - المدخل الاضافى بالموضوع-مصطلح موضوعى
مصطلح موضوعي سوق عكاظ
650 04 - المدخل الاضافى بالموضوع-مصطلح موضوعى
مصطلح موضوعي الشعر العربى
التقسيم الفرعي الجغرافي السعودية
700 ## - المدخل الاضافى - اسم شخصى
الإسم الشخصى عاطف السيد بهجات
الدور مؤلف مشارك
942 ## - عناصر المدخل الإضافي( كوها)
مصدر التصنيف او مخطط الترفيف Dewey Decimal Classification
Koha [default] item type كتاب
260 ## - PUBLICATION, DISTRIBUTION, ETC. (IMPRINT)
-- السعودية :
-- مطبوعات نادى الطائف الادبى ،
Holdings
حالة التراجع حالة الفقد حالة تلف ليس للاعارة المكان المؤقت الموقع الحالى تاريخ الاكتساب اجمالي اﻻعارات رقم الطلب الباركود تاريخ اخر مشاهدة تاريخ تفعيل السعر نوع وعاء كوها
        مكتبة القاهرة الكبرى مكتبة القاهرة الكبرى 10/21/2014   810.974 ع ع 158765 10/21/2014 10/21/2014 كتاب

Powered By

EGPV